| 000 | 00000nas 2200000za 4500 |
| 001 | 9.838271 |
| 003 | CaOODSP |
| 005 | 20221107151335 |
| 007 | cr ||||||||||| |
| 008 | 170608d19751983onc x m o f0###|0fre|d |
| 022 | # |y0227-3551 |
| 040 | |aCaOODSP|bfre |
| 041 | |afre|aeng |
| 043 | |an-cn--- |
| 086 | |aR64-81F-PDF |
| 086 | |aR64-81-PDF |
| 110 | 1 |aCanada. |bParcs Canada. |bLieux et parcs historiques nationaux. |
| 245 | 10|aHistoire et archéologie |h[ressource électronique]. |
| 246 | 11|aHistory and archaeology|f51 |
| 260 | |a[Ottawa] : |bLieux et parcs historiques nationaux, Parcs Canada, |c1975-[1983?] |
| 300 | |av.|bill. |
| 310 | |aIrrégulier |
| 362 | 0 |a1- |
| 500 | |aPublications historiques numérisées de l'imprimée. |
| 504 | |aComprend des réf. bibliogr. |
| 546 | |aTexte en français ou en anglais, 1975-1978. |
| 580 | |aPublié aussi en anglais, 20- sous le titre: History and archaeology. |
| 692 | 07|2gccst|aLieu historique |
| 692 | 07|2gccst|aArchéologie |
| 775 | 08|tHistory and archaeology |w(CaOODSP)9.837982 |